000 00468 a2200157 4500
999 _c8625
_d8625
020 _a0855984228
050 _aHQ1240.D44 GEN 2004
100 _aSweetman, Caroline (editor)
245 _aGender and Technology /
_cedited by Caroline Sweetman.
264 _aOxford :
_bOxfam ;
_c2004.
300 _a88p. ;
500 _aIncludes References and Resources
650 _xGender and Technology
700 _aSweetman, Caroline
_eeditor
942 _2lcc
_cBK
_h1240.D44
_iGEN
_kHQ